000
00257nam a22001217a 4500
082
_a
823
_b
VER/F
100
_a
THOMAS, VERNON
245
_a
FABLES OF PHAEDSUS
260
_a
BOMBAY
_b
B-Y-S
_c
1995
300
_a
52
650
_a
ENGLISH STORY
_z
INDIA
942
_c
BK
999
_c
7335
_d
7335